000 01556nam0a22004211 4500
001 RU\NLR\bibl\1820729
005 20260406002228.0
010 _a978-5-904561-39-0
_93000
021 _aRU
_b2011-72341
_95134
035 _a(nilc)RSL-KNO-005026282
035 _a(NLR Aleph) 001811288
090 _a1875276
_c1875276
100 _a20110919d2011 |||y0rusy50 ca
101 1 _arus
_cjpn
102 _aRU
105 _aa |||||||||
200 1 _aХиросима
_e[для младшего и среднего школьного возраста]
_fТоси Маруки
_gпер. с яп. Е. Байбиковой
_gил. Ири Маруки
210 _aМосква
_cКомпасГид
_d2011
215 _a[47] с.
_cцв. ил.
_d22х24
225 1 _aОткрытый диалог
686 _aШ9(2)72(5Я)
_2rubbk
686 _aШ9(5Я)60-4
686 _aШ9(5Я)62-4
700 1 _4070
_8rus
_7ca
_aМаруки
_bТ.
_f1912-2000
_gТоси
_3RU\NLR\AUTH\77111767
_994692
702 1 _4440
_8rus
_7ca
_aМаруки
_bИ.
_f1901-1995
_gИри
_3RU\NLR\AUTH\77111770
_994695
702 1 _4730
_8rus
_7ca
_aБайбикова
_bЕ. М.
_f1977-
_gЕлена Михайловна
_3RU\NLR\AUTH\7735779
_918775
801 0 _aRU
_bRuMoRKP
_c20110919
_grcr
801 1 _aRU
_bРГБ
_c20110919
801 2 _aRU
_bNLR
_c20111014
_grcr
852 _aNLR
_bОЛСАА-сл-спр
_j3-5321
942 _cBOOK
980 _aNB
980 _aNBR
980 1 _aSL_SPR